Bài giảng huyết học truyền máu

Cuốn Bài Giảng Huyết Học - Truyền Máu, nhằm cung cấp cho các học viên chuyên khoa Huyết học - Truyền máu những kiến thức cơ bản và các vấn đề mới hiện đại trong lĩnh vực Huyết học - Truyền máu.

Đã lưu trong:
Bibliografiske detaljer
Format: Bog
Sprog:Undetermined
Udgivet: Hà Nội Y học 2004
Fag:
Tags: Tilføj Tag
Ingen Tags, Vær først til at tagge denne postø!
Thư viện lưu trữ: Trung tâm Học liệu Trường Đại học Cần Thơ
LEADER 00832nam a2200193Ia 4500
001 CTU_97222
008 210402s9999 xx 000 0 und d
020 |c 48000 
082 |a 616.157 
082 |b B103 
245 0 |a Bài giảng huyết học truyền máu 
245 0 |c Đỗ Trung Phấn...[et al.] 
260 |a Hà Nội 
260 |b Y học 
260 |c 2004 
520 |a Cuốn Bài Giảng Huyết Học - Truyền Máu, nhằm cung cấp cho các học viên chuyên khoa Huyết học - Truyền máu những kiến thức cơ bản và các vấn đề mới hiện đại trong lĩnh vực Huyết học - Truyền máu. 
650 |a Blood transfusion,Hematology-terminology 
904 |i Truc 
980 |a Trung tâm Học liệu Trường Đại học Cần Thơ